[Event "Mainz Ordix op 17th"]
[Site "Mainz"]
[Date "2010.08.08"]
[Round "8"]
[White "Kamsky, Gata"]
[Black "Karjakin, Sergey"]
[Result "1-0"]
[WhiteElo "2713"]
[BlackElo "2747"]
[PlyCount "123"]
[EventDate "2010.08.07"]
[EventType "swiss (rapid)"]
[EventRounds "11"]
[EventCountry "GER"]
[SourceTitle "CBM 137 Extra"]
[Source "ChessBase"]
[SourceDate "2010.09.01"]
[SourceVersion "1"]
[SourceVersionDate "2010.09.01"]
[SourceQuality "1"]

1. e4 e5 2. Nf3 Nc6 3. Bb5 a6 4. Ba4 Nf6 5. O-O Be7 6. Re1 b5 7. Bb3 d6 8. c3
O-O 9. d4 Bg4 10. d5 Na5 11. Bc2 Qc8 12. Nbd2 c6 13. b4 Nb7 14. dxc6 Qxc6 15.
Bb2 Nd8 16. Nf1 Qb7 17. Ng3 Re8 18. h3 Bd7 19. Bb3 Ne6 20. Nf5 Bc6 21. Nxd6
Bxd6 22. Qxd6 Nxe4 23. Qxe5 N6c5 24. bxc5 Rxe5 25. Nxe5 Nxc5 26. Bxf7+ Kh8 27.
Rad1 Bxg2 28. Rd4 h6 29. Ba3 Bxh3 30. Bd5 Qc8 31. Bxc5 Qxc5 32. Bxa8 Bf5 33.
Re3 Qa3 34. Bd5 Kh7 35. Kg2 Qe7 36. Nf3 Qf6 37. c4 bxc4 38. Bxc4 a5 39. Rd5 Bb1
40. Rxa5 Qf4 41. Be6 Qb4 42. Rae5 Qa4 43. a3 Qf4 44. Bd5 Qg4+ 45. Kf1 Qh3+ 46.
Ke2 Qc8 47. Be4+ Bxe4 48. R5xe4 Qc1 49. a4 Qb1 50. Nd2 Qa1 51. Rg3 Qf6 52. a5
h5 53. Rb3 h4 54. Rb6 Qg5 55. Nf3 Qxa5 56. Rxh4+ Kg8 57. Rb8+ Kf7 58. Rf4+ Kg6
59. Rbb4 Qa6+ 60. Rbc4 Qb5 61. Kf1 Qd5 62. Kg2 1-0

[Event "Beijing Sportaccord Basque"]
[Site "Beijing"]
[Date "2013.12.17"]
[Round "1.2"]
[White "Radjabov, Teimour"]
[Black "Wang, Hao"]
[Result "1-0"]
[WhiteElo "2713"]
[BlackElo "2735"]
[PlyCount "67"]
[EventDate "2013.12.17"]
[EventType "swiss (rapid)"]
[EventRounds "5"]
[EventCountry "CHN"]
[SourceTitle "CBM 158"]
[Source "ChessBase"]
[SourceDate "2014.01.16"]
[SourceVersion "1"]
[SourceVersionDate "2014.01.16"]
[SourceQuality "1"]

1. d4 Nf6 2. c4 e6 3. Nf3 d5 4. e3 Be7 5. Nc3 O-O 6. b3 Nbd7 7. Bb2 b6 8. Bd3
Bb7 9. O-O c5 10. cxd5 Nxd5 11. Nxd5 Bxd5 12. Qe2 cxd4 13. Nxd4 Nc5 14. Bc4 Bf6
15. Rfd1 Qd7 16. Nf5 Bxb2 17. Qxb2 exf5 18. Rxd5 Qc8 19. Rc1 g6 20. b4 Ne4 21.
f3 Ng5 22. e4 Qe8 23. Qd2 Nxe4 24. fxe4 Qxe4 25. Rd4 Qe7 26. Re1 Qc7 27. Rh4 h5
28. Rd4 Rad8 29. Rd1 Rxd4 30. Qxd4 Qe7 31. a3 Rc8 32. h3 h4 33. Bd5 Qg5 34.
Bxf7+ 1-0

[Event "CHN-chT"]
[Site "China"]
[Date "2015.07.25"]
[Round "9.1"]
[White "Wang, Hao"]
[Black "Inarkiev, Ernesto"]
[Result "1-0"]
[WhiteElo "2713"]
[BlackElo "2706"]
[PlyCount "75"]
[EventDate "2015.04.10"]
[EventType "team-tourn"]
[EventRounds "22"]
[EventCountry "CHN"]
[SourceTitle "EXT 2016"]
[Source "ChessBase"]
[SourceDate "2015.10.08"]
[SourceVersion "1"]
[SourceVersionDate "2015.10.08"]
[SourceQuality "1"]
[WhiteTeam "Beijing"]
[BlackTeam "Qingdao"]
[WhiteTeamCountry "CHN"]
[BlackTeamCountry "CHN"]

1. c4 e6 2. Nc3 d5 3. d4 Nf6 4. Nf3 Nbd7 5. g3 dxc4 6. Bg2 Be7 7. Nd2 e5 8. d5
Nb6 9. Nxc4 Nxc4 10. Qa4+ Bd7 11. Qxc4 O-O 12. O-O a6 13. Bg5 Ne8 14. Bxe7 Qxe7
15. Rac1 Rc8 16. Qb3 Nd6 17. Ne4 Bf5 18. Nc5 e4 19. Rfd1 Rb8 20. a4 a5 21. Qe3
Rfe8 22. Nb3 Bd7 23. Rxc7 Qd8 24. Rdc1 Bc6 25. R7xc6 bxc6 26. dxc6 Qc7 27. Bh3
f5 28. Nd4 g6 29. Qc3 e3 30. fxe3 Re5 31. Bg2 Qb6 32. Nb5 Rxe3 33. Bd5+ Nf7 34.
Qc5 Qxc5 35. Rxc5 Rxe2 36. c7 Re1+ 37. Kf2 Rbe8 38. Bxf7+ 1-0

[Event "PRO League Group Stage"]
[Site "chess.com INT"]
[Date "2020.01.06"]
[Round "1"]
[White "Le Quang Liem"]
[Black "Nakamura, Hi"]
[Result "0-1"]
[WhiteElo "2713"]
[BlackElo "2736"]
[PlyCount "94"]
[EventDate "2020.01.06"]
[EventType "team (rapid)"]
[EventRounds "7"]
[EventCountry "USA"]
[SourceTitle "The Week in Chess 1316"]
[Source "Mark Crowther"]
[SourceDate "2020.01.27"]
[SourceVersion "1"]
[SourceVersionDate "2020.01.27"]
[SourceQuality "2"]
[WhiteTeam "Saint Louis Arch Bishops"]
[BlackTeam "New York Marshalls"]

1. d4 d5 2. c4 dxc4 3. e4 Nf6 4. e5 Nd5 5. Bxc4 Nb6 6. Bb3 Nc6 7. Nf3 Bg4 8.
Bxf7+ Kxf7 9. Ng5+ Ke8 10. Qxg4 Qxd4 11. Ne4 Rd8 12. O-O Nxe5 13. Qe2 Nbc4 14.
Nbc3 Qd3 15. Qe1 Qc2 16. Nc5 b6 17. Bf4 Qf5 18. Qe4 Qxe4 19. N5xe4 Nd3 20. Bxc7
Rc8 21. Bg3 Ncxb2 22. Nb5 a6 23. Nc7+ Kd7 24. Nxa6 e5 25. a3 Bc5 26. Nb4 Ke6
27. Nxd3 Nxd3 28. Rfd1 Rhd8 29. Kf1 Nb2 30. Rxd8 Rxd8 31. a4 Bd4 32. Ng5+ Kd5
33. Nf3 Ra8 34. Rb1 Nxa4 35. Rb5+ Kc4 36. Rb1 Nc3 37. Rc1 Ra5 38. Re1 e4 39.
Nxd4 Kxd4 40. Bc7 Ra6 41. f3 e3 42. Bf4 e2+ 43. Kf2 Kd3 44. g4 b5 45. Be5 Nd1+
46. Kg2 Kd2 47. Bg3 b4 0-1

[Event "Novy Bor m"]
[Site "Novy Bor"]
[Date "2014.10.05"]
[Round "6"]
[White "Rapport, Richard"]
[Black "Laznicka, Viktor"]
[Result "0-1"]
[WhiteElo "2713"]
[BlackElo "2675"]
[PlyCount "160"]
[EventDate "2014.09.30"]
[EventType "match"]
[EventRounds "6"]
[EventCountry "CZE"]
[SourceTitle "CBM 163"]
[Source "ChessBase"]
[SourceDate "2014.11.11"]
[SourceVersion "1"]
[SourceVersionDate "2014.11.11"]
[SourceQuality "1"]

1. f4 f5 2. Nf3 Nf6 3. b3 b6 4. Bb2 Bb7 5. Bxf6 exf6 6. e3 Na6 7. a4 Nc5 8. a5
g6 9. a6 Bd5 10. Nc3 Bf7 11. Bc4 Ne6 12. O-O c6 13. Nd4 Nxd4 14. exd4 b5 15.
Qe2+ Be7 16. Bxf7+ Kxf7 17. Nd1 Qb6 18. Qd3 d5 19. Ne3 Rad8 20. Rae1 h5 21. Rf2
Qxa6 22. Rfe2 Rd7 23. Nxf5 gxf5 24. Qxf5 Qc8 25. Qe6+ Kf8 26. Qf5 Kf7 27. Qe6+
Kf8 28. Re3 Qc7 29. b4 Qd6 30. Qf5 Rh6 31. c3 Rc7 32. Re6 Qd8 33. g3 Qe8 34.
Rd6 Qf7 35. Rd7 Rxd7 36. Qxd7 f5 37. Re5 Rf6 38. Qxa7 h4 39. Qd7 hxg3 40. hxg3
Bd6 41. Qc8+ Kg7 42. Re8 Be7 43. Kf2 Re6 44. Qd7 Re4 45. Kf1 Qf6 46. Kf2 Re6
47. Kf1 Re4 48. Kf2 Qe6 49. Qxe6 Rxe6 50. Rc8 Kf7 51. Kf1 Rd6 52. Ra8 Rd8 53.
Ra6 Rc8 54. Kf2 Ke6 55. Ra7 Kd6 56. Kg2 Rh8 57. Ra1 Rh6 58. Ra7 Rh8 59. Ra1 Re8
60. Kf2 Bf6 61. Ra7 Be7 62. Ra1 Rd8 63. Ra7 Rc8 64. Ra1 Re8 65. Ra7 Rh8 66. Kg2
Rf8 67. Kf1 Bd8 68. Kf2 Rh8 69. Kg2 Re8 70. Kf2 Re4 71. Rf7 Ke6 72. Ra7 Bb6 73.
Ra6 Bxd4+ 74. cxd4 Kd6 75. Ra7 Rxd4 76. Rf7 Ke6 77. Rg7 Rxd2+ 78. Ke3 Rb2 79.
g4 Rb3+ 80. Kd2 Rxb4 0-1

[Event "CHN tt"]
[Site "Beijing"]
[Date "2017.06.14"]
[Round "9.1"]
[White "Bu, Xiangzhi"]
[Black "Xu, Xiangyu"]
[Result "1-0"]
[WhiteElo "2712"]
[BlackElo "2536"]
[PlyCount "73"]
[EventDate "2017.06.06"]
[EventType "team-swiss"]
[EventRounds "9"]
[EventCountry "CHN"]
[SourceTitle "CBM 178 Extra"]
[Source "ChessBase"]
[SourceDate "2017.06.22"]
[SourceVersion "1"]
[SourceVersionDate "2017.06.22"]
[SourceQuality "1"]
[WhiteTeam "Shandong"]
[BlackTeam "Chengdu"]
[WhiteTeamCountry "CHN"]
[BlackTeamCountry "CHN"]

1. d4 Nf6 2. Nf3 g6 3. Bf4 Bg7 4. c3 O-O 5. h3 d6 6. Nbd2 c5 7. dxc5 dxc5 8. e4
Nc6 9. Be2 b6 10. O-O Bb7 11. Qc2 Qd7 12. Rad1 Rad8 13. Rfe1 Nh5 14. Bh2 Bh6
15. Nc4 Qc8 16. Nce5 Bf4 17. Bxf4 Nxf4 18. Bc4 Rxd1 19. Rxd1 Nxe5 20. Nxe5 Qc7
21. Nf3 Rd8 22. Rxd8+ Qxd8 23. Qc1 e5 24. Bxf7+ Kg7 25. Bc4 Bxe4 26. Qe3 Bxf3
27. Qxf3 Qd7 28. h4 b5 29. Qe3 Kf6 30. Bf1 c4 31. b3 Nd3 32. g3 Kg7 33. Bg2 Qc7
34. b4 Qb6 35. Qxb6 axb6 36. Kf1 Nc1 37. Ke1 1-0

[Event "Calvi Balagne rapid KO 12th"]
[Site "Calvi"]
[Date "2014.05.24"]
[Round "3.1"]
[White "Fressinet, Laurent"]
[Black "Bedini, Lucas"]
[Result "1-0"]
[WhiteElo "2712"]
[BlackElo "1907"]
[PlyCount "69"]
[EventDate "2015.05.24"]
[EventType "k.o. (rapid)"]
[EventRounds "14"]
[EventCountry "FRA"]
[SourceTitle "EXT 2016"]
[Source "ChessBase"]
[SourceDate "2015.10.08"]
[SourceVersion "1"]
[SourceVersionDate "2015.10.08"]
[SourceQuality "1"]
[WhiteClock "0:02:38"]
[BlackClock "0:03:59"]

1. e4 e5 2. Nf3 Nc6 3. Bc4 Nf6 4. d3 Be7 5. O-O d6 6. a4 Bg4 7. c3 Qd7 8. a5
O-O 9. a6 bxa6 10. Rxa6 Rfb8 11. Nbd2 d5 12. exd5 Nxd5 13. h3 Be6 14. Re1 Bf6
15. Ne4 Rb6 16. Nc5 Qd6 17. Nxe6 Rxa6 18. Bxa6 Qxe6 19. Bc4 Na5 20. Ba2 Qd6 21.
Nd2 Nf4 22. Ne4 Qa6 23. Bxf4 exf4 24. Qa4 Qb6 25. Nxf6+ gxf6 26. Qxf4 Qxb2 27.
Bxf7+ Kxf7 28. Qxc7+ Kg6 29. Qxa5 Rc8 30. c4 Qc2 31. Re3 Rb8 32. Rg3+ Kh6 33.
Qxa7 Qb1+ 34. Kh2 Rb7 35. Qe3+ 1-0

[Event "Internet Section 17-B"]
[Site "Dos Hermanas"]
[Date "2003.03.17"]
[Round "5"]
[White "Grischuk, Alexander"]
[Black "Rychagov, Andrey"]
[Result "1-0"]
[WhiteElo "2712"]
[BlackElo "2551"]
[PlyCount "147"]
[EventDate "2003.03.17"]
[EventType "swiss (blitz)"]
[EventRounds "9"]
[EventCountry "ESP"]
[SourceTitle "EXT 2004"]
[Source "ChessBase"]
[SourceDate "2003.11.25"]
[SourceVersion "1"]
[SourceVersionDate "2003.11.25"]
[SourceQuality "1"]

1. e4 e6 2. d4 d5 3. Nc3 Bb4 4. e5 c5 5. a3 Bxc3+ 6. bxc3 Ne7 7. Qg4 O-O 8. Bd3
f5 9. exf6 Rxf6 10. Bg5 Rf7 11. Qh5 g6 12. Qd1 Nbc6 13. Nf3 Qf8 14. O-O c4 15.
Be2 h6 16. Bc1 Qg7 17. Ne1 Bd7 18. g3 Nf5 19. Ng2 Nd6 20. f3 Be8 21. a4 g5 22.
Qe1 Rf6 23. Ba3 Nf5 24. g4 Nfe7 25. Bd6 Ng6 26. Qd2 Rd8 27. Bg3 Rd7 28. f4 gxf4
29. Nxf4 Nxf4 30. Rxf4 Rdf7 31. Raf1 Rxf4 32. Bxf4 Rf6 33. h4 Kh7 34. g5 hxg5
35. hxg5 Rf8 36. Bg4 Qg6 37. Qh2+ Kg8 38. Rf2 Rf7 39. Bh5 Qe4 40. Bxf7+ Bxf7
41. Be5 Qe1+ 42. Rf1 Qe3+ 43. Kh1 Qe4+ 44. Qg2 Bg6 45. Qxe4 Bxe4+ 46. Kh2 Nxe5
47. dxe5 Bxc2 48. a5 b6 49. axb6 axb6 50. Rf2 Bb3 51. Kg3 Kg7 52. Kf4 Kg6 53.
Rh2 Bd1 54. Rh6+ Kf7 55. Ke3 b5 56. Kd4 Bg4 57. Kc5 Be2 58. Rf6+ Ke7 59. g6 Bh5
60. g7 Bf7 61. Kxb5 Ke8 62. Kc5 Ke7 63. Kd4 Ke8 64. Rh6 Bg8 65. Rf6 Bf7 66. Kc5
Ke7 67. Kc6 Ke8 68. Kd6 d4 69. cxd4 c3 70. Rf3 c2 71. Rc3 Bg8 72. Rxc2 Kf7 73.
Rc7+ Kg6 74. Re7 1-0

[Event "Nakhchivan op"]
[Site "Nakhchivan"]
[Date "2015.05.04"]
[Round "3"]
[White "Kasimdzhanov, Rustam"]
[Black "Guliev, Logman"]
[Result "1-0"]
[WhiteElo "2712"]
[BlackElo "2389"]
[PlyCount "125"]
[EventDate "2015.05.02"]
[EventType "swiss"]
[EventRounds "9"]
[EventCountry "AZE"]
[SourceTitle "CBM 166 Extra"]
[Source "ChessBase"]
[SourceDate "2015.06.18"]
[SourceVersion "1"]
[SourceVersionDate "2015.06.18"]
[SourceQuality "1"]

1. d4 Nf6 2. c4 e6 3. Nc3 Bb4 4. Nf3 O-O 5. Bg5 Bxc3+ 6. bxc3 d6 7. e3 Nbd7 8.
Bd3 b6 9. O-O Bb7 10. Nd2 h6 11. Bh4 Qe7 12. e4 e5 13. Re1 Rfe8 14. Nf1 Nf8 15.
Ne3 Ng6 16. Bg3 Qd7 17. f3 Nh5 18. Bf2 Qd8 19. Bf1 Qg5 20. Kh1 Rad8 21. a4 a5
22. Qc2 Bc6 23. Rad1 Nhf4 24. g3 Nh5 25. Bg2 Ne7 26. Kg1 Rf8 27. dxe5 dxe5 28.
c5 Qf6 29. cxb6 cxb6 30. Qb3 Rb8 31. Ng4 Qe6 32. Qxe6 fxe6 33. Nxe5 Bxa4 34.
Ra1 Be8 35. Reb1 Nc6 36. Nc4 b5 37. Nxa5 Nf6 38. Bh3 Ne5 39. Bxe6+ Bf7 40.
Bxf7+ Rxf7 41. Kg2 g5 42. Nb3 g4 43. fxg4 Nxe4 44. Bd4 Nxg4 45. Re1 Ngf6 46.
Ra6 Rc8 47. Re6 b4 48. cxb4 Rc2+ 49. Kh1 Nf2+ 50. Bxf2 Rxf2 51. b5 Rb2 52. Nd4
Nd5 53. R1e2 Rb4 54. Nc6 Rb1+ 55. Kg2 Kh7 56. Nd4 Nc3 57. R2e5 Rb2+ 58. Kh3
Rff2 59. Rc6 Na4 60. Re7+ Kg8 61. Rc8+ Rf8 62. Rcc7 Rff2 63. Rg7+ 1-0

[Event "ESP-chT CECLUB Honor"]
[Site "Melilla"]
[Date "2011.11.26"]
[Round "7"]
[White "Naiditsch, Arkadij"]
[Black "Kuzubov, Yuriy"]
[Result "1/2-1/2"]
[WhiteElo "2712"]
[BlackElo "2621"]
[Annotator "RR"]
[PlyCount "185"]
[EventDate "2011.11.21"]
[EventType "team-tourn"]
[EventRounds "7"]
[EventCountry "ESP"]
[SourceTitle "CBM 146"]
[Source "ChessBase"]
[SourceDate "2012.01.18"]
[SourceVersion "1"]
[SourceVersionDate "2012.01.18"]
[SourceQuality "1"]
[WhiteTeam "Colegio Marcote EIKM"]
[BlackTeam "Cajacanarias"]
[WhiteTeamCountry "ESP"]
[BlackTeamCountry "ESP"]

1. e4 e6 2. d4 d5 3. Nd2 a6 4. Ngf3 Nf6 5. Bd3 c5 6. exd5 exd5 7. Qe2+ Qe7 8.
Qxe7+ Bxe7 9. dxc5 Bxc5 10. Nb3 Bb6 11. O-O O-O 12. Nbd4 Nc6 13. Be3 Nb4 14.
Be2 Ng4 15. Bd2 Nc6 16. Nxc6 bxc6 17. c4 Re8 18. Rae1 Be6 19. Bc3 dxc4 20. Ng5
Bf5 21. h3 Nf6 22. Bxc4 Nd5 23. Bd2 a5 24. Rxe8+ Rxe8 25. Rc1 Bd4 26. b3 Bb2
27. Bxd5 Bxc1 28. Bxf7+ Kf8 29. Bxe8 Bxd2 30. Nf3 Bc3 31. Bxc6 Ke7 32. Ng5 Bb1
33. Be4 h6 34. Bxb1 hxg5 35. Kf1 Bb4 36. Ke2 Bc5 $6 (36... Kd6 37. Bg6 Ke5 $14)
37. f3 $6 (37. Kf3 Kf6 38. Be4 $18) 37... Kd6 $14 38. Be4 Ke5 39. Kd3 Kf4 40.
Kc4 Bb4 41. g4 Ke5 42. Bb7 Kd6 43. Kd4 Ke6 44. Bc8+ Kf6 45. Kd5 Ba3 46. Bf5 Bb4
47. Be4 Ba3 48. Kc4 Ke5 49. Kb5 Bb4 50. a3 Bxa3 51. Kxa5 Bc1 52. Kb5 Bd2 53.
Kc5 Be3+ 54. Kc4 Bd2 55. Ba8 Be1 56. Bb7 $6 (56. b4 Bf2 57. Bc6 $18) 56... Bf2
57. b4 Be3 58. Be4 Kd6 59. Kd3 Bf2 60. Ke2 $6 (60. Kc4 Ke5 61. Kb5 $18) 60...
Bb6 61. f4 gxf4 62. g5 Ke5 63. Kf3 Bc7 64. b5 Bd8 65. h4 Ba5 66. Bc6 Bb6 67.
Bd7 Kd6 68. Bf5 Ke5 69. Bd3 Ba5 70. Kg4 Bb6 71. Be2 Bc5 72. Bd1 Bb6 73. h5 Bc7
74. Bf3 Ba5 75. Be2 $2 (75. g6 Kf6 76. Kxf4 $18) 75... Bc7 76. Bd1 Ba5 77. Bc2
Bc7 78. Bd3 Ba5 79. Kf3 $6 (79. h6 gxh6 80. gxh6 $18) 79... Bd8 80. Kg4 Ba5 81.
Bg6 $6 (81. h6 gxh6 82. gxh6 $18) 81... Bd8 82. Bf7 f3 83. Bc4 f2 84. g6 Kf6
85. Kf4 Bc7+ 86. Ke4 Kg5 87. Be2 Ba5 88. Ke5 f1=Q 89. Bxf1 Kxh5 90. Kf5 Kh6 91.
Bd3 Bb6 92. Bc2 Bf2 93. Bd3 1/2-1/2

[Event "Istanbul ol (Men) 40th"]
[Site "Istanbul"]
[Date "2012.09.07"]
[Round "10.2"]
[White "Bruzon Batista, Lazaro"]
[Black "Harikrishna, Pentala"]
[Result "1-0"]
[WhiteElo "2711"]
[BlackElo "2685"]
[PlyCount "123"]
[EventDate "2012.08.28"]
[EventType "team-swiss"]
[EventRounds "11"]
[EventCountry "TUR"]
[SourceTitle "CBM 151"]
[Source "ChessBase"]
[SourceDate "2012.11.13"]
[SourceVersion "1"]
[SourceVersionDate "2012.11.13"]
[SourceQuality "1"]
[WhiteTeam "Cuba"]
[BlackTeam "India"]
[WhiteTeamCountry "CUB"]
[BlackTeamCountry "IND"]

1. c4 c5 2. Nf3 Nf6 3. Nc3 Nc6 4. g3 g6 5. Bg2 d6 6. d4 cxd4 7. Nxd4 Bd7 8. Nc2
Bg7 9. O-O O-O 10. Bd2 a6 11. Ne3 Rb8 12. Rc1 b5 13. b3 e6 14. cxb5 axb5 15.
Nxb5 d5 16. a4 Na5 17. b4 Bxb5 18. bxa5 Ba6 19. Bc3 Rc8 20. Bf3 Re8 21. Be5 Nh5
22. Rxc8 Bxc8 23. Bxg7 Nxg7 24. Qd2 d4 25. Ng4 e5 26. Nh6+ Kf8 27. Rc1 Qe7 28.
h4 Rd8 29. Bd5 Ne6 30. Ng4 Nc5 31. Qh6+ Kg8 32. Bxf7+ Qxf7 33. Qg5 Qf8 34. Nh6+
Kg7 35. Qxe5+ Kxh6 36. Rxc5 Qf5 37. Qe7 Re8 38. Qd6 Qe6 39. Qf4+ Kg7 40. Qxd4+
Kg8 41. Rc7 Re7 42. Qd8+ Re8 43. Qd4 Re7 44. Rxe7 Qxe7 45. Qc4+ Be6 46. Qc6 Bf5
47. Qd5+ Kf8 48. Qc4 Qe5 49. a6 Qa5 50. Kg2 Bd7 51. Qf4+ Ke7 52. Qg5+ Qxg5 53.
hxg5 Bc6+ 54. Kh3 Bxa4 55. Kg4 Kd6 56. Kf4 Kd5 57. Ke3 Bc6 58. g4 Kc5 59. f4
Kd5 60. a7 Ba8 61. Kd3 Kc5 62. e4 1-0

[Event "Baku op-A"]
[Site "Baku"]
[Date "2011.08.14"]
[Round "9"]
[White "Dreev, Alexey"]
[Black "Dovliatov, Sanan"]
[Result "1-0"]
[WhiteElo "2711"]
[BlackElo "2411"]
[PlyCount "97"]
[EventDate "2011.08.06"]
[EventType "swiss"]
[EventRounds "9"]
[EventCountry "AZE"]
[SourceTitle "CBM 143 Extra"]
[Source "ChessBase"]
[SourceDate "2011.08.29"]
[SourceVersion "1"]
[SourceVersionDate "2011.08.29"]
[SourceQuality "1"]

1. d4 f5 2. c4 Nf6 3. Nc3 g6 4. h4 d6 5. h5 Nxh5 6. Rxh5 gxh5 7. e4 Be6 8. Be2
c6 9. Bxh5+ Bf7 10. Bxf7+ Kxf7 11. Nh3 Nd7 12. Qh5+ Kg8 13. Qxf5 Bg7 14. Qe6+
Kf8 15. Ng5 Qe8 16. Be3 h5 17. O-O-O Nf6 18. e5 dxe5 19. dxe5 Ng4 20. Bd4 Rh6
21. Qf5+ Kg8 22. f3 c5 23. Bxc5 Nxe5 24. f4 Nc6 25. Re1 Bxc3 26. bxc3 e5 27.
fxe5 Qg6 28. Qf4 Qg7 29. Qd2 Rd8 30. Bd6 Ne7 31. c5 Rg6 32. Ne4 Rxg2 33. Qd1
Qh6+ 34. Kb1 Qg6 35. Ka1 Qf7 36. Nf6+ Kg7 37. Qb1 Ng6 38. Nxh5+ Kh6 39. Rh1 Kg5
40. Nf6 Qc4 41. Rh5+ Kf4 42. Qf5+ Ke3 43. Rh3+ Kd2 44. Ne4+ Kc2 45. Nf2+ Kd2
46. Rd3+ Qxd3 47. Qxd3+ Ke1 48. Qe3+ Kf1 49. Nd3 1-0

[Event "Amber-blindfold 14th"]
[Site "Monte Carlo"]
[Date "2005.03.20"]
[Round "2"]
[White "Ivanchuk, Vassily"]
[Black "Vallejo Pons, Francisco"]
[Result "1-0"]
[WhiteElo "2711"]
[BlackElo "2686"]
[PlyCount "59"]
[EventDate "2005.03.19"]
[EventType "tourn (rapid)"]
[EventRounds "11"]
[EventCountry "MNC"]
[EventCategory "20"]
[SourceTitle "CBM 105 Extra"]
[Source "ChessBase"]
[SourceDate "2005.05.01"]
[SourceVersion "1"]
[SourceVersionDate "2005.05.01"]
[SourceQuality "1"]

1. e4 c5 2. Nf3 d6 3. d4 cxd4 4. Nxd4 Nf6 5. Nc3 a6 6. Bg5 e6 7. f4 Be7 8. Qf3
Nbd7 9. O-O-O h6 10. Bh4 Qc7 11. Bd3 g5 12. fxg5 Ne5 13. Qe2 Nh7 14. Bg3 hxg5
15. Rhf1 Nf6 16. Nf3 Nfd7 17. Kb1 b5 18. Qe3 Qa7 19. Qd2 Rg8 20. Be2 Rg7 21.
Nxe5 dxe5 22. Bh5 Rh7 23. Rxf7 Rxf7 24. Rf1 Nf6 25. Bxf7+ Kxf7 26. Qxg5 Ke8 27.
Bxe5 Qc5 28. Qg6+ Kd7 29. Bxf6 Qc4 30. Rd1+ 1-0

[Event "Wch Rapid"]
[Site "Berlin"]
[Date "2015.10.10"]
[Round "5"]
[White "Morozevich, Alexander"]
[Black "Swiercz, Dariusz"]
[Result "1-0"]
[WhiteElo "2711"]
[BlackElo "2620"]
[PlyCount "91"]
[EventDate "2015.10.10"]
[EventType "swiss (rapid)"]
[EventRounds "15"]
[EventCountry "GER"]
[SourceTitle "CBM 168 Extra"]
[Source "ChessBase"]
[SourceDate "2015.10.29"]
[SourceVersion "1"]
[SourceVersionDate "2015.10.29"]
[SourceQuality "1"]

1. e4 e5 2. Nf3 Nc6 3. d4 exd4 4. Nxd4 Nf6 5. Nc3 Bb4 6. Nxc6 bxc6 7. Bd3 O-O
8. O-O d5 9. exd5 cxd5 10. Qf3 c6 11. h3 Re8 12. Bg5 Bd6 13. Rfe1 Be6 14. Na4
h6 15. Bh4 Rb8 16. b3 Rb4 17. Bg3 c5 18. c3 Rb8 19. Rad1 Bxg3 20. Qxg3 Qa5 21.
Qd6 c4 22. Bc2 cxb3 23. axb3 Ne4 24. Qe5 Bd7 25. Qxd5 Qxd5 26. Rxd5 Bxa4 27.
bxa4 Nxc3 28. Rxe8+ Rxe8 29. Rd7 a5 30. Bb3 Rb8 31. Bxf7+ Kh8 32. Ra7 Nxa4 33.
Rxa5 Nc3 34. h4 Ne4 35. Bg6 Nf6 36. f3 Rd8 37. g4 Nd5 38. Kf2 Nf4 39. Be4 Rf8
40. g5 Nh3+ 41. Kg3 Nf4 42. Re5 Ne2+ 43. Kg4 Nf4 44. Bf5 Ng2 45. g6 h5+ 46. Kg3
1-0

[Event "Dortmund SuperGM"]
[Site "Dortmund"]
[Date "2001.07.19"]
[Round "7"]
[White "Topalov, Veselin"]
[Black "Morozevich, Alexander"]
[Result "1-0"]
[WhiteElo "2711"]
[BlackElo "2749"]
[Annotator "Ftacnik,L"]
[PlyCount "75"]
[EventDate "2001.07.12"]
[EventType "tourn"]
[EventRounds "10"]
[EventCountry "GER"]
[EventCategory "21"]
[SourceTitle "CBM 085"]
[Source "ChessBase"]
[SourceDate "2001.11.13"]
[SourceVersion "1"]
[SourceVersionDate "2001.11.13"]
[SourceQuality "1"]

1. e4 c5 2. Nf3 Nc6 3. d4 cxd4 4. Nxd4 Qb6 5. Nb3 Nf6 6. Nc3 e6 7. a3 Be7 8.
Bf4 O-O 9. Bd6 Ng4 10. Bg3 (10. Qxg4 Bxd6 11. Bd3 Ne5 $11) 10... Nge5 11. f4
Qe3+ (11... Ng6 12. Qd2 d6 13. O-O-O $14) 12. Be2 Ng6 (12... Nc4 $2 13. Bf2 $18
) (12... Ng4 13. Nd2 f5 14. Nc4 Qd4 15. Bxg4 Qxc4 16. Be2 $14) 13. Qd3 $1 {
The original opening is followed by the first surprise in the form of transfer
to the endgame. The knight on g6 is not a great asset and Morozevich has to
find a way to complete his development.} Qxd3 14. Bxd3 a6 15. O-O-O f6 $6 (
15... d6 $5) 16. Ne2 b5 17. Bf2 Rb8 18. g3 $1 Nh8 $1 (18... d6 19. Ned4 $14)
19. Rd2 Nf7 20. Rhd1 Re8 (20... d6 21. Ned4 $14) 21. c3 e5 22. c4 $1 {For
Topalov it is not enough to suitably place the pieces, in order to get
advantage he needs the help of his pawns.} b4 (22... bxc4 23. Bxc4 Rb7 24. Bd5
$14) 23. a4 Bf8 (23... d6 24. c5 (24. f5 Bb7 25. Kb1 Ng5) 24... Be6 25. Bc2
Rbd8 $11) 24. c5 $1 exf4 25. gxf4 d6 26. Kb1 h5 $2 {The defender became very
active in the moment, when 26...Ng4!? would probably have solved most problems.
} (26... Bg4 $5 27. Rc1 Rbd8 28. cxd6 Rxd6 29. Bc4 Ncd8 $13) (26... dxc5 27.
Nxc5 $14) 27. Rc1 Bb7 28. Bc4 (28. Ng3 h4 29. Nf5 $16) 28... Rxe4 29. Bd5 Ne7
$1 (29... Ree8 30. cxd6 Ncd8 31. d7 $16) 30. Bxf7+ $6 (30. Bxe4 Bxe4+ 31. Ka1
$16) 30... Kxf7 31. cxd6 Nd5 32. Nc5 Nc3+ $2 {Mere mortals are not able to
understand the irrational moves of this kind, Morozevich must have made a
terrible mistake in his calculations.} (32... Rxe2 33. Rxe2 Bxd6 34. Rd1 $14)
33. bxc3 bxc3 34. Rxc3 Rb4+ (34... Bxd6 35. Nxe4 Bxe4+ 36. Ka2 $18) 35. Ka2 Be4
36. Ka3 (36. Nxe4 Rxa4+ 37. Ra3 Rxe4 38. Bc5 $18) 36... a5 (36... Bc6 37. Nd4
$18) 37. Nd7 $1 R8b7 38. Nxf8 1-0

[Event "Madrid Neoclassical op 2nd"]
[Site "Madrid"]
[Date "2016.06.04"]
[Round "1"]
[White "Vallejo Pons, Francisco"]
[Black "Fernandez de Bobadilla, Jaime"]
[Result "1-0"]
[WhiteElo "2711"]
[BlackElo "2063"]
[PlyCount "50"]
[EventDate "2016.06.04"]
[EventType "swiss (rapid)"]
[EventRounds "8"]
[EventCountry "ESP"]
[SourceTitle "CBM 172 Extra"]
[Source "ChessBase"]
[SourceDate "2016.06.21"]
[SourceVersion "1"]
[SourceVersionDate "2016.06.21"]
[SourceQuality "1"]

1. d4 Nf6 2. Nf3 e6 3. c4 Bb4+ 4. Nbd2 O-O 5. a3 Bxd2+ 6. Qxd2 d5 7. e3 b6 8.
b3 Ne4 9. Qc2 Nd7 10. cxd5 exd5 11. Qc6 Rb8 12. Qxd5 Bb7 13. Qf5 c5 14. Bd3
Ndf6 15. O-O g6 16. Qf4 Nh5 17. Qh6 Qd5 18. Bc4 Qf5 19. dxc5 Nxc5 20. Ng5 Nf6
21. Bb2 Qg4 22. f3 Qh5 23. Nxf7 Rxf7 24. Bxf7+ Kxf7 25. Qf4 Ncd7 1-0